[Event "Asker CC-ch Class A"]
[Site "Asker"]
[Date "2016.04.11"]
[Round "7"]
[White "Wilhelmsen, Fredrik"]
[Black "Kolstad, Aleksander"]
[Result "1-0"]
[WhiteElo "1240"]
[BlackElo "1200"]
[PlyCount "117"]
[EventDate "2016.01.11"]
[EventType "swiss"]
[EventRounds "9"]
[EventCountry "NOR"]
[SourceTitle "EXT 2024"]
[Source "ChessBase"]
[SourceDate "2023.10.10"]
[SourceVersion "1"]
[SourceVersionDate "2023.10.10"]
[SourceQuality "1"]

1. e4 c5 2. Nf3 d6 3. d4 cxd4 4. Nxd4 Nf6 5. Nc3 a6 6. Bg5 e6 7. Bc4 Be7 8. f4 0-0 9. Qe2 b5 10. Bb3 Bd7 11. 0-0-0 Ne8 12. Bxe7 Qxe7 13. f5 Nc6 14. fxe6 fxe6 15. Bxe6+ Bxe6 16. Nxc6 Qd7 17. Ne5 Qc8 18. Nf3 Bc4 19. Qd2 Kh8 20. b3 Be6 21. Nd5 Bxd5 22. Qxd5 Ra7 23. Qd4 Rc7 24. Rd2 Qg4 25. h3 Qc8 26. Rhd1 h6 27. e5 dxe5 28. Nxe5 Rf6 29. Qd8 Kh7 30. Qxc8 Rxc8 31. Rd8 Rxd8 32. Rxd8 Re6 33. Nf3 Nf6 34. Rd3 Kg6 35. Nd4 Rd6 36. Rg3+ Kh7 37. Nf5 Rd7 38. Rd3 Rxd3 39. cxd3 Nd5 40. Kd2 Kg6 41. Ne3 Nb6 42. Kc3 a5 43. d4 Kf6 44. a3 Ke6 45. Kd3 Nd5 46. Nxd5 Kxd5 47. g3 g5 48. g4 Kc6 49. Ke4 b4 50. axb4 axb4 51. d5+ Kd7 52. Ke5 Ke7 53. d6+ Kd7 54. Kd5 Kd8 55. Kc6 Kc8 56. Kb5 Kd7 57. Kc5 Kc8 58. Kc6 Kd8 59. d7 1-0

[Event "Asker Autumn-B"]
[Site "Asker"]
[Date "2012.12.10"]
[Round "9"]
[White "Wilhelmsen, Fredrik"]
[Black "Jordan, Eddy"]
[Result "0-1"]
[WhiteElo "1202"]
[BlackElo "1555"]
[PlyCount "126"]
[EventDate "2012.08.27"]
[EventType "swiss"]
[EventCountry "NOR"]
[SourceTitle "EXT 2024"]
[Source "ChessBase"]
[SourceDate "2023.10.10"]
[SourceVersion "1"]
[SourceVersionDate "2023.10.10"]
[SourceQuality "1"]

1. e4 c5 2. Nf3 d6 3. d4 cxd4 4. Nxd4 Nf6 5. Nc3 a6 6. f3 e6 7. Be3 Be7 8. Qd2 Nc6 9. Be2 Qc7 10. Nb3 b5 11. a3 Bb7 12. g4 Nd7 13. h4 Rc8 14. f4 Na5 15. Nxa5 Qxa5 16. Kf2 Qc7 17. Bf3 Bf6 18. Bd4 Bxd4+ 19. Qxd4 Qc5 20. Rad1 Ke7 21. g5 Rhd8 22. Qe3 Qxe3+ 23. Kxe3 Nb6 24. Kf2 Nc4 25. Rb1 Nxa3 26. bxa3 Rxc3 27. Rhe1 Rxc2+ 28. Re2 Rdc8 29. a4 Rxe2+ 30. Kxe2 Rc4 31. axb5 axb5 32. Kd3 Rc5 33. Ra1 Kd7 34. Ra7 Rc7 35. Kd2 Bc6 36. Rxc7+ Kxc7 37. Kc3 Kb6 38. Kb4 d5 39. exd5 Bxd5 40. Be2 Bc6 41. Bd3 h6 42. Bc2 f6 43. gxf6 gxf6 44. Bb3 e5 45. fxe5 fxe5 46. Bd1 e4 47. Be2 Kc7 48. Kc5 e3 49. Kd4 Kb6 50. Kxe3 Kc5 51. Kf4 b4 52. Bd3 Kd4 53. Bb1 b3 54. Kf5 Be8 55. Kf6 Kc3 56. Kg7 h5 57. Kf6 Bb5 58. Bg6 b2 59. Kg5 Bd3 60. Bxd3 Kxd3 61. Kxh5 b1Q 62. Kh6 Ke4 63. h5 Kf5 0-1

[Event "Bergen Sommer op-B"]
[Site "Bergen"]
[Date "2007.08.06"]
[Round "2"]
[White "Botheim, Erik"]
[Black "Wilhelmsen, Fredrik"]
[Result "0-1"]
[WhiteElo "685"]
[BlackElo "1061"]
[PlyCount "88"]
[EventDate "2007.08.05"]
[EventType "swiss"]
[EventRounds "6"]
[EventCountry "NOR"]
[SourceTitle "EXT 2010"]
[Source "ChessBase"]
[SourceDate "2010.11.25"]
[SourceVersion "1"]
[SourceVersionDate "2010.11.25"]
[SourceQuality "1"]

1. e4 e5 2. Nf3 Nc6 3. d4 exd4 4. Bc4 Nf6 5. 0-0 d6 6. Ng5 Ne5 7. Bb3 h6 8. Nf3 Bg4 9. Bf4 Nxf3+ 10. gxf3 Bh3 11. Re1 Be7 12. Qxd4 0-0 13. Nc3 c6 14. Kh1 Nh5 15. Rg1 g5 16. Bg3 Ng7 17. f4 Bf6 18. Qd3 g4 19. f5 Be5 20. Bxe5 dxe5 21. Qe3 Kh7 22. f3 h5 23. f4 exf4 24. Qxf4 f6 25. Be6 Nxe6 26. fxe6 Qe7 27. Qf5+ Kh6 28. Rad1 Rad8 29. Rxd8 Rxd8 30. Ne2 Rg8 31. Nf4 Rg5 32. Ng6 Rxg6 33. Qf4+ Rg5 34. Qb8 Re5 35. Qh8+ Kg5 36. Qg8+ Kf4 37. Qb8 b6 38. Qc8 Rxe6 39. Qb8+ Re5 40. Qc8 c5 41. Qa6 Rxe4 42. Qd3 Qb7 43. Qg3+ Kf5 44. Qf2+ Rf4+ 0-1

[Event "NOR-chB"]
[Site "Moss"]
[Date "2006.07.14"]
[Round "8"]
[White "Lilleoren, Allan"]
[Black "Wilhelmsen, Fredrik"]
[Result "0-1"]
[WhiteElo "978"]
[BlackElo "990"]
[PlyCount "40"]
[EventDate "2006.07.08"]
[EventType "swiss"]
[EventRounds "9"]
[EventCountry "NOR"]
[SourceTitle "EXT 2007"]
[Source "ChessBase"]
[SourceDate "2006.11.23"]
[SourceVersion "1"]
[SourceVersionDate "2006.11.23"]
[SourceQuality "1"]

1. e4 e5 2. Nf3 Nc6 3. Bc4 Nf6 4. Nc3 Bc5 5. 0-0 d6 6. h3 0-0 7. d3 h6 8. a3 a6 9. b4 Ba7 10. Bb2 Ne7 11. Ba2 c6 12. d4 exd4 13. Nxd4 d5 14. exd5 Nexd5 15. Nf3 Be6 16. Nxd5 Nxd5 17. c4 Nf4 18. Qc2 Qc8 19. Bb1 g6 20. Qc3 Ne2+ 0-1